NFL Single Season Yardage Leaders for each NFL Team - Statistics

General Stats
  • This quiz has been taken 469 times
    457 since last reset
  • The average score is 67 of 93
Answer Stats
Team Yardage Year Answer % Correct
Receiving 2015 Julio Jones
97%
ATL Passing 2016 Matt Ryan
97%
ARI Passing 2015 Carson Palmer
94%
Receiving 2007 Chad Johnson
94%
Receiving 2012 Andre Johnson
93%
Receiving 2012 Calvin Johnson
93%
Oilers Rushing 2009 Chris Johnson
93%
NYG Passing 2011 Eli Manning
93%
DEN Passing 2013 Peyton Manning
93%
Rushing 2005 Rudi Johnson
93%
GB Passing 2011 Aaron Rodgers
92%
Receiving 2015 Antonio Brown
92%
Rushing 1963 Jim Brown
92%
Receiving 1999 Jimmy Smith
92%
BAL Passing 2016 Joe Flacco
92%
Rushing 2006 Larry Johnson
92%
Receiving 2005 Steve Smith
92%
Receiving 1997 Tim Brown
92%
Rushing 1984 George Rogers
91%
NE Passing 2011 Tom Brady
91%
DAL Passing 2012 Tony Romo
91%
Rushing 1997 Barry Sanders
90%
DET Passing 2011 Matthew Stafford
90%
Receiving 2014 Demaryius Thomas
89%
Receiving 2018 Michael Thomas
89%
KC Passing 2018 Patrick Mahomes
89%
SEA Passing 2016 Russell Wilson
89%
IND Passing 2014 Andrew Luck
88%
Rushing 2012 Adrian Peterson
87%
Receiving 1995 Jerry Rice
87%
CIN Passing 2013 Andy Dalton
86%
MIA Passing 1984 Dan Marino
86%
NO Passing 2011 Drew Brees
86%
TB Passing 2016 Jameis Winston
85%
LAR Passing 2001 Kurt Warner
85%
Receiving 2018 Mike Evans
85%
Receiving 2003 Randy Moss
85%
Receiving 2005 Santana Moss
85%
Receiving 2002 Marvin Harrison
83%
PIT Passing 2018 Ben Roethlisberger
82%
JAX Passing 2015 Blake Bortles
82%
NYJ Passing 1967 Joe Namath
80%
PHI Passing 2008 Donovan McNabb
79%
Receiving 1995 Michael Irvin
79%
Rushing 1977 Walter Payton
79%
Rushing 2014 DeMarco Murray
78%
Receiving 2014 Jordy Nelson
78%
Rushing 1984 Eric Dickerson
77%
Rushing 2013 LeSean McCoy
77%
HOU Passing 2009 Matt Schaub
77%
Rushing 2006 Frank Gore
76%
Rushing 2005 Shaun Alexander
76%
Receiving 2000 Derrick Alexander
75%
Rushing 2003 Ahman Green
74%
WAS Passing 2016 Kirk Cousins
74%
TEN/ Passing 1999 Warren Moon
74%
Receiving 2012 Brandon Marshall
73%
Receiving 2015 Brandon Marshall
73%
Rushing 2003 Jamal Lewis
72%
Rushing 1998 Terrell Davis
71%
Rushing 2010 Arian Foster
70%
Rushing 1992 Barry Foster
70%
Rushing 2005 Tiki Barber
70%
Receiving 2011 Wes Welker
70%
MIN Passing 2004 Daunte Culpepper
69%
Rushing 1973 O.J. Simpson
69%
Receiving 1985 Steve Largent
69%
Receiving 2013 Josh Gordon
68%
Rushing 1985 Marcus Allen
68%
Rushing 2000 Edgerrin James
66%
Receiving 1995 Isaac Bruce
66%
OAK Passing 2002 Rich Gannon
65%
Rushing 2008 DeAngelo Williams
64%
Rushing 2002 Ricky Williams
64%
Rushing 2011 Maurice Jones-Drew
63%
Rushing 2004 Curtis Martin
62%
Receiving 2011 Victor Cruz
61%
Receiving 1996 Michael Jackson
51%
Rushing 2012 Alfred Morris
48%
Rushing 2004 Corey Dillon
45%
SF Passing 2000 Jeff Garcia
44%
Receiving 1984 Mark Clayton
42%
Rushing 1998 Jamal Anderson
41%
Rushing 1979 Ottis Anderson
41%
Receiving 2001 David Boston
30%
BUF Passing 2002 Drew Bledsoe
30%
CLE Passing 1980 Brian Sipe
28%
CAR Passing 1999 Steve Beuerlein
19%
Receiving 1998 Eric Moulds
14%
Rushing 1984 James Wilder
14%
Receiving 1983 Mike Quick
11%
CHI Passing 1995 Erik Kramer
10%
Receiving 1961 Charley Hennigan
8%
No matching quizzes found
Score Distribution
Percent of People with Each Score
Percentile by Number Answered
Your Score History
You have not taken this quiz since the last reset